| 000 | 01188cam a2200349 i 4500 | ||
|---|---|---|---|
| 003 | DO-SdBNP | ||
| 005 | 20231019101251.0 | ||
| 007 | ta | ||
| 008 | 751003s2016 ag a 000 0 spa d | ||
| 020 | _a9789876831512 (obra completa) | ||
| 020 | _a9789876831529 (v. 1) | ||
| 020 | _a9789876831536 (v. 2) | ||
| 020 | _a9789876831543 (v. 3) | ||
| 040 |
_aDO-SdBNP _bspa _cBNPHU _erda |
||
| 082 | 4 |
_bH895 _222 |
|
| 100 |
_Hugo, Victor, _d1802-1885 _913790 |
||
| 240 | 1 | 4 |
_aLes misérables / _lespañol |
| 245 | 1 | 4 |
_aLos miserables / _cVíctor Hugo ; traducción Mario Alarcón ; ilustraciones Gustavo Damiani ; prólogo Malvina Salerno |
| 264 | 1 |
_aBuenos Aires, Argentina : _bLongseller, _c2016. |
|
| 300 |
_a3 vólumens _c22 cm. _bilustraciones |
||
| 336 |
_2rdacontent _atexto _btxt |
||
| 337 |
_2rdamedia _asin mediación _bn |
||
| 338 |
_2rdacarrier _avolumen _bnc |
||
| 500 | _aVersión completa | ||
| 590 | _aInventariado, 2023/ YL | ||
| 650 |
_aNarrativa francesa _984500 |
||
| 700 | 1 |
_aAlarcón, Mario _etraducción _984436 |
|
| 700 | 1 |
_aDamiani, Gustavo _eilustraciones _984501 |
|
| 700 | 1 |
_aSalerno, Malvina _eprólogo _984502 |
|
| 910 | _aYlockward | ||
| 942 |
_2ddc _cLBS1 |
||
| 999 |
_c55191 _d55191 |
||